00827nam a2200217 i 4500001000700000003000900007005001700016007000300033008004100036020001800077100003500095245015400130260003100284300003400315504002900349700003100378700002600409852003300435999001900468952012200487101613ES-MaACL20230906182937.0t|051021s1983 fr ||||1| fre d a2-7116-8246-31 aMeinsma, Koenraad Oege.97984910aSpinoza et son cercle b: étude critique historique sur les hétérodoxes hollandais / cK. O. Meinsma; traduit par S. Roosemburg et J. P. Osier. aParis : bJ. Vrin, c1983. a5 h., 576 p., 3 h. ; c25 cm. aBibliografía. Indices.1 aOsier, Jean Pierre.9877511 aRoosemburg, S.999527 aES-MaACLjL-11855 bR.113829 c101613d101613 00104070aATENEOMbATENEOMcDEPO2d2008-01-17eSCl0oL-11855p1106085r2023-02-23 00:00:00w2023-02-23yMONOGRAFIA